| 000 | 00844nam a2200253 a 4500 | ||
|---|---|---|---|
| 005 | 20240316063705.0 | ||
| 008 | 991125s1983 mx 000 0 spa u | ||
| 035 | _aUPN01000001553 | ||
| 049 | _aCG | ||
| 050 | 4 |
_aLC5309 U6 _bM3006 1983 GA |
|
| 100 | 1 | _aAlfaro Pastor, Javier | |
| 245 | 1 | 0 |
_aAlgebra : _bunidad VI : polinomios / _cJavier Alfaro Pastor, William José Gallardo, Marcela González Peláez. |
| 260 |
_aMéxico : _bUPN, _c1983. |
||
| 300 |
_a219 p. : _bil. |
||
| 500 | _a"Sistema de Educación a Distancia" | ||
| 500 | _a"Especialización en Educación a Distancia" | ||
| 500 | _a"Guía de autoinstrucción" | ||
| 650 | 2 |
_aÁlgebra _92068 |
|
| 650 | 4 | _aFUNCIONES ORTOGONALES | |
| 650 | 4 |
_aMatemáticas _913035 |
|
| 700 | 1 |
_aGallardo, William José, _ecoaut. |
|
| 700 | 1 |
_aGonzález Peláez, Marcela, _ecoaut. |
|
| 905 | _aLibro | ||
| 999 |
_c1553 _d1553 |
||